000 01395nam a2200361 c 4500
999 _c169256
_d169256
003 BLK
005 20250715143628.0
008 180411b bul|||||r ||||||| ||bul||
010 _aKNG00177249000
020 _a978-954-2992-15-8
040 _aBLK
041 _aBUL
_cBUL
072 7 _2bullib
_aН83
_xЧужда художествена литература Н
080 _aНемска литература
_b821.112.2
_x-8
_z821.112.2-8
100 1 _aДегенс, Марк
_eпърви автор
_959268
139 _aДегенс, Марк
_bД 32
245 1 0 _aНашият попмодернизъм
_bКомент. рубрики
_cМарк Дегенс; прев. от нем. Пенка Емилова Ангелова.
257 _aDEU
260 _bМеждунар. д-во Елиас Канети
_c2014
_fВ. Търново : Фабер
300 _a155 с.
_c21 см
380 _aX
490 1 _aБиблиотека Нова Европа
500 _aОриг. загл.: Unsere Popmoderne / Marc Degens
659 _aН
700 1 _aАнгелова, Пенка Емилова
_eпрев. от нем.
_9364138
852 _aЦб 274967
856 4 _qpdf
856 4 _qpdf
942 _cKNG
_n0
_01
944 _aCR
_c26.06.2015
_k30546
_lРенета Константинова
944 _aED
_c09.11.2015
_kНаталия_Медовщикова
999 _d169256